Programa para el control de contaminación de aguas en la cuenca del Río Grande de Tárcoles-Terminos de referencia

Guardat en:
Dades bibliogràfiques
Autor principal: Arroyo Varela, Jorge A.
Format: Desconegut
Publicat: [San José, Costa Rica] 1980
Matèries:
Etiquetes: Afegir etiqueta
Sense etiquetes, Sigues el primer a etiquetar aquest registre!

MARC

LEADER 00000 a2200000 4500
003 001121
005 20221231143739.0
008 140114s1980 c a m 000 ||s d
040 |c cru CEDI 
090 |a TFG 920 
100 |a Arroyo Varela, Jorge A.  |9 16115 
245 |a Programa para el control de contaminación de aguas en la cuenca del Río Grande de Tárcoles-Terminos de referencia 
260 |c 1980  |a [San José, Costa Rica] 
300 |a  ii [98] hojas : ilustraciones ; 28 cm  
500 |a  Tesis (ingeniero civil)--Universidad de Costa Rica.  
650 |x CONTAMINACION DEL AGUA   |x RIO GRANDE DE TARCOLES (COSTA RICA)  |9 16116 
942 |c TFG 
999 |c 11196  |d 11196